| 000 | 00608nam a2200169 a 4500 | ||
|---|---|---|---|
| 008 | 120416s1979 ||||||||||||||||| || u | ||
| 020 | _a0710003218 | ||
| 050 | _aHM 216 Dur | ||
| 100 | _aPickering, W. S. F | ||
| 245 | 1 | 0 |
_aDurkheim: essays on morals and education _cedited by W. S. F. Pickering |
| 260 |
_aLondon: _bRoutledge and Kegan Paul _c1979 |
||
| 300 | _axiv, 214p. | ||
| 350 | _a0.00 | ||
| 650 | _aSOCIAL ETHICS | ||
| 650 | _aMORAL EDUCATION | ||
| 995 |
_D0.00 _FCBU-MAIN LIBRARY (Kitwe) _H1 _I9.50 _UAVAILABLE _ZMain Library Open Access Collection |
||
| 999 |
_c40531 _d40531 |
||